Giai cấp công nhân Việt Nam với công tác xây dựng Đảng trong thời kì đổi mới

সংরক্ষণ করুন:
গ্রন্থ-পঞ্জীর বিবরন
প্রধান লেখক: Vũ Huy Khôi
বিন্যাস: গ্রন্থ
ভাষা:Undetermined
প্রকাশিত: Hà Nội Lao động 2001
বিষয়গুলি:
ট্যাগগুলো: ট্যাগ যুক্ত করুন
কোনো ট্যাগ নেই, প্রথমজন হিসাবে ট্যাগ করুন!
Thư viện lưu trữ: Trung tâm Học liệu Trường Đại học Cần Thơ
LEADER 00654nam a2200193Ia 4500
001 CTU_43333
008 210402s9999 xx 000 0 und d
020 |b 32.500đ 
082 |a 324.2597075 
082 |b Kh451 
100 |a Vũ Huy Khôi 
245 0 |a Giai cấp công nhân Việt Nam với công tác xây dựng Đảng trong thời kì đổi mới 
245 0 |c Vũ Huy Khôi, Nguyễn Quốc Khánh 
260 |a Hà Nội 
260 |b Lao động 
260 |c 2001 
650 |a communist parties 
904 |i Nguyễn Quang Điền, 010813 
980 |a Trung tâm Học liệu Trường Đại học Cần Thơ